000
00297nam a2200109Ia 4500
008
171211s9999 xx 000 0 und d
245
_a
Adam's Task: Calling Animals by Name
245
_c
Vicki Hearne
260
_c
2007
650
_x
ANIMALS
856
_u
http://down.ebook777.com/041/1602390029.pdf
999
_c
348523
_d
348523